000 00930nam a2200265 i 4500
001 000017710
003 DO-SdBNP
005 20250909134014.0
007 ta
008 100330s1999 dr r 000 0 spa d
040 _aDO-SdBNP
_bspa
_cBNPHU
_erda
082 4 _a923.27293
_bD812L
_222
100 1 _aLebrón Saviñon, Mariano
_d1922-2014
_eautor
_97227
245 1 0 _aHeroísmo e identidad :
_bDuerte libertador, romántico y poeta /
_cMariano Lebrón Saviñón.
264 _aSanto Domingo :
_bInstituto Duartiano,
_c1999.
300 _a90 páginas ;
_c23 cm.
336 _2rdacontent
_atexto
_btxt
337 _2rdamedia
_asin mediación
_bn
338 _2rdacarrier
_avolumen
_bnc
590 _aInventariado, 2024/BT
600 1 0 _aDuarte, Juan Pablo,
_d1813-1876
_xCrítica e interpretación
_91494
650 4 _aLiteratura dominicana.
_967
651 4 _aRepública Dominicana
_xHistoria
_y1844-1930
_91009
942 _2ddc
_cLBS1
999 _c17235
_d17235